00297 a2200109 4500001000700000020000600007040001100013100003100024240006400055245005900119362000900178165418 a  cMagnum aNovaes, Jefferson da Silva10aPersonal training e condicionamento fisico em academialpor10aPersonal training e condicionamento fisico em academia0 a1899